00689nam a2200217Ia 4500008004100000041001200041082001000053082001100063100002400074100001100098245009000109260001300199260003500212260000900247300001500256365002500271650002300296942000700319999001900326952012600345150901s9999 xx 000 0 und d aEnglish a302.2 bKAN/HE aKannan K.P et al eAuthor aHealth and Development in rural kerala: a study of the linkages between socioeconomic aThrissur bKerala sastra sahitya parishad c2000 a216 Pages aRS.150/-  aHealth development cBK c243345d243345 00104070aKAUCOAbKAUCOAd2022-03-03g150.00l0o302.2 KAN/HEpKAU-COA-29709 r2015-09-16 00:00:00w2015-09-16yBK